|
|
|
|
| LEADER |
00000nam a22000007a 4500 |
| 003 |
Ucuenca |
| 005 |
20230308225250.0 |
| 007 |
ta |
| 008 |
170818b xxu||||| |||| 00| 0 spa d |
| 040 |
|
|
|b spa
|
| 041 |
0 |
|
|a spa
|
| 082 |
0 |
|
|a 709.04
|
| 100 |
1 |
|
|9 207811
|a Quillupangui, Victor
|
| 245 |
|
0 |
|a Antología
|c Victor, Quillupangui,
|h imp
|
| 264 |
|
|
|a Cuenca
|b Casa de la Cultura Ecuatoriana
|c 2012
|
| 300 |
|
|
|a 30 páginas:
|b ilu
|c 32 cm
|
| 520 |
3 |
|
|a Catálogo de pintura de un artista ecuatoriano
|
| 650 |
|
0 |
|9 178697
|a Pintura ecuatoriana contemporanea
|
| 650 |
|
0 |
|9 123446
|a Artistas ecuatorianos contemporaneos
|
| 942 |
|
|
|c BK
|z maría.sánchez@ucuenca.edu.ec
|
| 999 |
|
|
|c 151990
|d 151990
|